000 00488nam a2200181Ia 4500
003 GCL
008 140319s9999 xx 000 0 ara d
040 _aGCL /
_cGCL
082 0 4 _a301.21
_bغ ت
100 1 _aغالى شكرى
245 1 0 _aالتراث والثورة /
_cغالى شكرى
300 _a230 ص
490 _a
650 0 4 _aالثقافة العربية
650 0 4 _aالوعى الاجتماعى
650 0 4 _aالعلاقات الثقافية
942 _2ddc
_cBK
999 _c43990
_d43990